India: society, religion and literature in ancient and medieval periods (Record no. 12901)

MARC details
000 -LEADER
fixed length control field 00437nam a22001577a 4500
003 - CONTROL NUMBER IDENTIFIER
control field OSt
008 - FIXED-LENGTH DATA ELEMENTS--GENERAL INFORMATION
fixed length control field 240828b |||||||| |||| 00| 0 eng d
020 ## - INTERNATIONAL STANDARD BOOK NUMBER
International Standard Book Number 9788119936328
082 ## - DEWEY DECIMAL CLASSIFICATION NUMBER
Classification number 934
Item number INI
100 ## - MAIN ENTRY--PERSONAL NAME
Personal name CHATTERJEE, Roma
245 ## - TITLE STATEMENT
Title India: society, religion and literature in ancient and medieval periods
260 ## - PUBLICATION, DISTRIBUTION, ETC. (IMPRINT)
Place of publication, distribution, etc Delhi:
Name of publisher, distributor, etc MIABGI,
Date of publication, distribution, etc 1981.
300 ## - PHYSICAL DESCRIPTION
Extent xiii,38466p.
700 ## - ADDED ENTRY--PERSONAL NAME
Personal name Publication Division MIABGI,
942 ## - ADDED ENTRY ELEMENTS (KOHA)
Source of classification or shelving scheme Dewey Decimal Classification
Koha item type Text Books
Holdings
Withdrawn status Lost status Source of classification or shelving scheme Damaged status Not for loan Collection code Home library Current library Date acquired Source of acquisition Currency Cost, normal purchase price Bill Number Total Checkouts Full call number Acc. no. / Barcode Date last seen Actual Cost, discounted price Bill Date Koha item type
    Dewey Decimal Classification     IKS- Indian Knowledge System PIET C-LIBRARY PIET C-LIBRARY 04/09/2024 Zafaa Books and Distributors INR 120.00 ZBD0169   934 INI 38467 04/09/2024 96.00 31/08/2024 Text Books

Design & Developed by: PIET Central Library
R70 Miles Stone Pattikalyana Samalkha Panipat 132102
mail ID :- [email protected], Phone No:- 0180-2569700 Ex.216